[Event "Krakow op-C"]
[Site "Krakow"]
[Date "2022.07.02"]
[Round "9"]
[White "Chmielewski, Miroslaw"]
[Black "Wandor, Adam"]
[Result "1/2-1/2"]
[WhiteElo "1571"]
[BlackElo "1565"]
[PlyCount "93"]
[EventDate "2022.06.25"]
[EventType "swiss"]
[EventRounds "9"]
[EventCountry "POL"]
[SourceTitle "EXT 2023"]
[Source "ChessBase"]
[SourceDate "2022.10.05"]
[SourceVersion "1"]
[SourceVersionDate "2022.10.05"]
[SourceQuality "1"]

1. e4 c6 2. Ne2 d5 3. exd5 cxd5 4. Ng3 g6 5. d4 Bg7 6. c3 Nc6 7. Be2 Nf6 8. Bf4 h5 9. Nd2 Qb6 10. Qb3 Qxb3 11. axb3 0-0 12. 0-0 Ng4 13. h3 Bh6 14. Bxh6 Nxh6 15. f4 Kg7 16. Bd3 Bd7 17. Nf3 e6 18. b4 b6 19. Ra3 Rfc8 20. Rfa1 Rc7 21. Nf1 Ng8 22. Ne3 a5 23. bxa5 Rxa5 24. Rxa5 Nxa5 25. Nc2 Ra7 26. Ne5 Be8 27. Kf2 Ne7 28. Ra3 f6 29. Nf3 Nc8 30. Nd2 b5 31. b3 Bc6 32. Nb4 Bd7 33. g4 hxg4 34. hxg4 Nc6 35. Rxa7 N8xa7 36. Na6 e5 37. dxe5 fxe5 38. Nc7 exf4 39. Nxd5 Ne5 40. Nxf4 g5 41. Nh5+ Kh6 42. Be2 Bxg4 43. Nf6 Bxe2 44. Kxe2 Kg6 45. Nd5 Kf5 46. c4 bxc4 47. bxc4 1/2-1/2

[Event "Krakow op-C"]
[Site "Krakow"]
[Date "2022.06.26"]
[Round "3"]
[White "Lesniak, Wojciech"]
[Black "Wandor, Adam"]
[Result "1-0"]
[WhiteElo "1338"]
[BlackElo "1565"]
[PlyCount "61"]
[EventDate "2022.06.25"]
[EventType "swiss"]
[EventRounds "9"]
[EventCountry "POL"]
[SourceTitle "EXT 2023"]
[Source "ChessBase"]
[SourceDate "2022.10.05"]
[SourceVersion "1"]
[SourceVersionDate "2022.10.05"]
[SourceQuality "1"]

1. d4 d5 2. c4 e6 3. Nc3 Nf6 4. cxd5 exd5 5. Bg5 Be7 6. e3 0-0 7. Bd3 c6 8. Nge2 Nbd7 9. 0-0 h6 10. Bh4 Re8 11. f3 Nf8 12. Qc2 N6h7 13. Bf2 Be6 14. e4 Bb4 15. e5 f6 16. f4 Bf7 17. a3 Ba5 18. b4 Bb6 19. Rae1 fxe5 20. dxe5 g6 21. Nd4 Bc7 22. Na4 Kg7 23. Nc5 Qc8 24. e6 Nxe6 25. Ncxe6+ Bxe6 26. Bxg6 Nf8 27. Bxe8 Qxe8 28. Nxe6+ Nxe6 29. Qe2 Bxf4 30. Qxe6 Qh5 31. Bd4+ 1-0

[Event "FISCA Online U14 op"]
[Site "Chess.com INT"]
[Date "2020.05.16"]
[Round "8"]
[White "Tzontas, Athanasios"]
[Black "Wandor, Adam"]
[Result "0-1"]
[WhiteElo "1406"]
[BlackElo "1326"]
[PlyCount "66"]
[EventDate "2020.05.09"]
[EventType "swiss"]
[EventRounds "9"]
[EventCountry "ROU"]
[SourceTitle "EXT 2021"]
[Source "ChessBase"]
[SourceDate "2020.10.23"]
[SourceVersion "1"]
[SourceVersionDate "2020.10.23"]
[SourceQuality "1"]

1. e4 c5 2. Nf3 Nc6 3. d4 cxd4 4. Nxd4 g6 5. c4 Bg7 6. Be3 Nf6 7. Nc3 0-0 8. Be2 b6 9. 0-0 Bb7 10. f3 d6 11. Rc1 Qd7 12. Qd2 Rfd8 13. Rfd1 Rac8 14. b3 Ne8 15. Nd5 Nc7 16. h4 Nxd4 17. Bxd4 Bxd4+ 18. Qxd4 Ne6 19. Qe3 Bxd5 20. exd5 Ng7 21. g4 h5 22. Kg2 e5 23. Qg5 Re8 24. Rh1 Qe7 25. Qh6 Qf6 26. Bd3 hxg4 27. fxg4 e4 28. Be2 Qb2 29. Rce1 Qe5 30. h5 gxh5 31. gxh5 Nf5 32. Qg5+ Kh7 33. Bg4 Rg8 0-1

[Event "FISCA Online U14 op"]
[Site "Chess.com INT"]
[Date "2020.05.13"]
[Round "5"]
[White "Wandor, Adam"]
[Black "Jaiveer, Mahendru"]
[Result "0-1"]
[WhiteElo "1326"]
[BlackElo "1695"]
[PlyCount "106"]
[EventDate "2020.05.09"]
[EventType "swiss"]
[EventRounds "9"]
[EventCountry "ROU"]
[SourceTitle "EXT 2021"]
[Source "ChessBase"]
[SourceDate "2020.10.23"]
[SourceVersion "1"]
[SourceVersionDate "2020.10.23"]
[SourceQuality "1"]

1. d4 d5 2. c4 e6 3. Nc3 Nf6 4. Bf4 Be7 5. Nb5 Na6 6. e3 0-0 7. Bd3 Bb4+ 8. Nc3 dxc4 9. Bxc4 Nd5 10. Nge2 Nxf4 11. Nxf4 Nb8 12. 0-0 Bd6 13. Nd3 Nd7 14. Nb5 Be7 15. Rc1 a6 16. Nc3 b5 17. Bb3 c5 18. dxc5 Nxc5 19. Nxc5 Bxc5 20. Qxd8 Rxd8 21. Nxb5 Bxe3 22. Rcd1 Bb6 23. Rxd8+ Bxd8 24. Rd1 Bf6 25. Nc3 Kf8 26. h3 Bb7 27. Rd7 Bc6 28. Rc7 Be8 29. Kf1 Be5 30. Rc5 Bd6 31. Rc4 Ke7 32. Ba4 Rb8 33. Bxe8 Kxe8 34. b3 Kd7 35. Ne4 Rb6 36. Rd4 Ke7 37. Nxd6 Rxd6 38. Rxd6 Kxd6 39. Ke2 Kc5 40. a3 Kd4 41. Kd2 e5 42. a4 a5 43. Kc2 f5 44. Kd2 e4 45. g3 g5 46. Kc2 f4 47. g4 e3 48. f3 h6 49. Kd1 Kd3 50. b4 axb4 51. a5 b3 52. a6 b2 53. a7 b1Q# 0-1